All Bus Stops on London Bus Route 127 - Statistics

General Stats
  • This quiz has been taken 3 times
  • The average score is 11 of 60
Answer Stats
Answer % Correct
Tooting Broadway Station
100%
Carshalton High Street
67%
Hackbridge Corner
67%
Hall Road
67%
Mill Green Road
67%
Mitcham Junction Station
67%
Orchard Avenue
67%
Seymour Road
67%
The Wilson Hospital
67%
Wallington Station
67%
Wallington Town Centre
67%
Woodcote Road / Stafford Road
67%
Carshalton Ponds
33%
Carshalton Station
33%
Corbet Close
33%
Farm Lane
33%
Nightingale Close
33%
Purley Station
33%
Strawberry Lane
33%
Wallington Station / Manor Road
33%
Woodcote Green
33%
Amen Corner
0%
Ashbourne Road
0%
Bickley Street
0%
Blenheim Gardens
0%
Bucklers Way
0%
Carshalton College
0%
Crowborough Road
0%
Downe Road / Mitcham Library
0%
Eastbourne Road
0%
Eveline Road
0%
Glebe Court
0%
Goat Road
0%
Hackbridge Corner / Hackbridge Station
0%
Locks Lane
0%
Lordsbury Field
0%
Manship Road
0%
Mitcham / Cricket Green
0%
Mitcham Fair Green
0%
Mitcham Garden Village / Willow Lane
0%
Mitcham Lane / Southcroft Road
0%
Mitcham / Lower Green
0%
Mitcham Police Station
0%
Mitcham Road / Tooting Broadway Station
0%
Nimrod Road
0%
Parkgate Road
0%
Park Lane
0%
Plough Lane
0%
Purley Cross
0%
Purley High Street / Purley Station
0%
Purley Library
0%
Purley Station / Purley High Street
0%
Smitham Bottom Lane
0%
Southcroft Road / Mitcham Lane
0%
St James Road
0%
The Bridle Road
0%
Tooting / The Mitre
0%
Vectis Road
0%
Woodcote Drive
0%
Woodcote Lane
0%
No matching quizzes found
Score Distribution
Percent of People with Each Score
Percentile by Number Answered
Your Score History
You have not taken this quiz